000 01587cam a2200373 a 4500
001 3053268
003 ARRUPE
005 20240306111000.0
008 960624s1997 coub b 001 0 eng
010 _a 96030267
020 _a0813327598 (hardcover : alk. paper)
020 _a0813327601 (paperback : alk. paper)
040 _aDLC
_cDLC
_dDLC
043 _afz-----
050 0 0 _aGN657.Z32
_bD38 1997
082 0 0 _a305.8/009679
_220
100 1 _aDavison, Jean,
_d1937-
_952521
245 1 0 _aGender, lineage, and ethnicity in southern Africa /
_cJean Davison.
260 _aBoulder, Colo. :
_bWestview Press,
_c1997.
300 _axii, 276 p. :
_bmaps ;
_c24 cm.
504 _aIncludes bibliographical references (p. 239-260) and index.
650 0 _aEthnicity
_zZambezi River Region.
_952522
650 0 _aClans
_zZambezi River Region.
_952523
650 0 _aMatrilineal kinship
_zZambezi River Region.
_952524
650 0 _aPatrilineal kinship
_zZambezi River Region.
_952525
650 0 _aSex role
_zZambezi River Region.
_952526
651 0 _aZambezi River Region
_xEthnic relations.
_952527
651 0 _aZambezi River Region
_xSocial life and customs.
_952528
856 4 2 _3Contributor biographical information
_uhttp://www.loc.gov/catdir/enhancements/fy0832/96030267-b.html
856 4 2 _3Publisher description
_uhttp://www.loc.gov/catdir/enhancements/fy0832/96030267-d.html
906 _a7
_bcbc
_corignew
_d1
_eocip
_f19
_gy-gencatlg
942 _2lcc
_cMONOGRAPH
999 _c131826
_d131826